000 00621nam a22001817a 4500
999 _c183573
_d183573
005 20211229101634.0
010 _aENG-130156
020 _a978-93-887-54569
_c899.00
035 _aEN-113688
037 _bDBAD
082 _a915.4552
100 _aSandhu, Amandeep
245 _aPanjab:
_bJourneys Through Fault Lines/
_cAmandeep Sandhu
260 _aChennai
_bWestland Publications Private Limited
_c2019
270 _a1st Floor, A Block, East Wing, Plot No. 40, SP Infocity, Dr MGR Salai, Perungudi, Kandanchavadi
_bChennai
_e600096
300 _a559p
_c24cm(hbk)
942 _2ddc
_cEN
_h915.4552
_mSAN